Statistics for AOT characters

Click here to take the quiz!

General Stats

  • This quiz has been taken 377 times
  • The average score is 27 of 72

Answer Stats

Answer% Correct
Eren Jaeger
100%
Mikasa Ackerman
98%
Armin Arlert
95%
Levi Ackerman
95%
Reiner Braun
86%
Sasha Braus
86%
Erwin Smith
84%
Annie Leonhart
83%
Conny Springer
82%
Jean Kirstein
82%
Hange Zoe
81%
Bertholdt Hoover
74%
Grisha Jaeger
72%
Historia Reiss
72%
Ymir
72%
Zeke Jaeger
70%
Gabi Braun
66%
Falco Grice
62%
Pieck Finger
61%
Marco Bodt
59%
Carla Jaeger
52%
Porco Galliard
51%
Kenny Ackerman
50%
Petra Ral
47%
Rod Reiss
45%
Floch Forster
41%
Hannes
39%
Marcel Galliard
35%
Miche Zacharius
33%
Yelena
33%
Dot Pyxis
30%
Keith Shadis
30%
Colt Grice
29%
Hitch Dreyse
27%
Udo
26%
Zofia
26%
Onyankopon
25%
Willy Tyber
25%
Ymir Fritz
25%
Thomas Wagner
24%
Marlowe Freudenberg
23%
Theo Magath
23%
Moblit Berner
22%
Lara Tyber
21%
Eren Kruger
20%
Nanaba
20%
Rico Brzenska
20%
Eld Gin
19%
Gunther Schultz
19%
Mina Carolina
19%
Niccolo
17%
Maria Fritz
16%
Rose Fritz
15%
Darius Zachary
14%
Nile Dawk
14%
Sina Fritz
13%
Freida Reiss
12%
Kuchel Ackerman
12%
Uri Reiss
12%
Daz
10%
Samuel Jackson
10%
Fay Jaeger
9%
Hanna Diament
9%
Nick
9%
Oruo Bozad
9%
Kaya
8%
Kiyomi Azumabito
8%
Franz Kefka
7%
Louise
7%
Bean
5%
Flegel Reeves
5%
Sawney
4%

Score Distribution

Percentile by Number Answered

Percent of People with Each Score

Your Score History

You have not taken this quiz